000 00428nam a2200157 4500
001 126242
003 ES-MaACL
005 20230906192801.0
007 t|
008 070214s1934 fr r ||||1| fre d
100 1 _aReboux, Paul.
_995728
245 1 0 _aUne rude gaillarde
_b: la princesse palatine /
_cPaul Reboux.
260 _aParis :
_bE. Grevian Lagny,
_c1934.
300 _a284 p. ;
_c19 cm.
852 _aES-MaACL
_jA-3025
999 _c126242
_d126242